000 00258nam a22001217a 4500
008 170426b xxu||||| |||| 00| 0 eng d
041 _aeng
080 _a547
100 _a12
101 _aSHM
245 _aORGANIC CHEMISTRY
_cWIBERG.K.B
942 _2udc
_cBK
999 _c12065
_d12065